El Otro Déficit de la Democracia Delegativa. Retomando el Debate Acerca de la Rendición de Cuentas en las Democracias Contemporáneas de América Latina /

Este artículo intenta llamar la atención sobre una forma de rendición de cuentas, la política vertical no electoral, que ha sido soslayada en buena parte de los actuales debates. La discusión acerca de la dimensión política de la rendición de cuentas no puede quedar acotada al análisis de la polític...

Descripción completa

Detalles Bibliográficos
Autor principal: Peruzzotti, Enrique
Formato: Libro
Lenguaje:español
Publicado: Santiago, Chile Pontificia Universdiad Católica de Chile. Instituto de Ciencia Pol÷itica 2010
Acceso en línea:

MARC

LEADER 00000cam a2200000 a 4500
001 035019
003 UAHC_CL
005 20170803123819.0
008 120426b2010 xx j 000 1 spa
022 |a 07187890 
040 |a UAHC_CL  |c UAHC_CL  |d UAHC_CL 
100 1 |a Peruzzotti, Enrique 
245 1 3 |a El Otro Déficit de la Democracia Delegativa. Retomando el Debate Acerca de la Rendición de Cuentas en las Democracias Contemporáneas de América Latina /  |c Enrique Peruzzotti. 
260 |a Santiago, Chile  |b Pontificia Universdiad Católica de Chile. Instituto de Ciencia Pol÷itica  |c 2010 
300 |a p. 47-64 
500 |a En: Journal of Democracy en español, v.2, 2010. ISBN 07187890. p. 47-64. 
520 |a Este artículo intenta llamar la atención sobre una forma de rendición de cuentas, la política vertical no electoral, que ha sido soslayada en buena parte de los actuales debates. La discusión acerca de la dimensión política de la rendición de cuentas no puede quedar acotada al análisis de la política electoral. Si bien las elecciones son indispensables para la existencia de toda democracia, las mismas no agotan la dimensión vertical de la rendición de cuentas política. 
900 |a JOURNAL OF DEMOCRACY en español.-01/10 
942 |c BK 
999 |c 35019  |d 35019